书目信息 |
| 题名: |
美声演唱技巧及其在歌剧演唱中的应用与实践研究
|
|
| 作者: | 鄂薇 著 | |
| 分册: | ||
| 出版信息: | 北京 中国纺织出版社 2018 |
|
| 页数: | 172页 | |
| 开本: | 23cm | |
| 丛书名: | ||
| 单 册: | ||
| 中图分类: | J616.21 , J832 | |
| 科图分类: | ||
| 主题词: | 歌剧--美声唱法--研究 | |
| 电子资源: | ||
| ISBN: | 978-7-5180-2563-3 | |
| 000 | 00962nam0 2200241 450 | |
| 001 | 012001012086 | |
| 005 | 20141123164828.0 | |
| 010 | @a978-7-5180-2563-3@dCNY54.00 | |
| 100 | @a20181129d2018 em y0chiy50 ea | |
| 101 | 0 | @achi |
| 102 | @aCN@b110000 | |
| 105 | @aag z 000yy | |
| 106 | @ar | |
| 200 | 1 | @a美声演唱技巧及其在歌剧演唱中的应用与实践研究@9mei sheng yan chang ji qiao ji qi zai ge ju yan chang zhong de ying yong yu shi jian yan jiu@f鄂薇著 |
| 210 | @a北京@c中国纺织出版社@d2018 | |
| 215 | @a172页@c图@d23cm | |
| 330 | @a本书在研究演唱技巧的同时与歌剧演唱相结合,在歌剧演唱中分析美声技巧的应用。主要包括美声唱法的诞生与艺术特点、美声歌唱中生理机能的运用、美声歌唱中的发声技巧、美声歌唱中的实用技巧、对意大利语的系统分析以及美声唱法在歌剧艺术中的表演等。 | |
| 606 | 0 | @a歌剧@x美声唱法@x研究 |
| 690 | @aJ616.21@v5 | |
| 690 | @aJ832@v5 | |
| 701 | 0 | @a鄂薇@9e wei@4著 |
| 801 | 0 | @aCN@b上海新华@c20191020 |
| 905 | @b1184962-5@dJ616.21@e1065@f4 | |
| 美声演唱技巧及其在歌剧演唱中的应用与实践研究/鄂薇著.-北京:中国纺织出版社,2018 |
| 172页:图;23cm |
| ISBN 978-7-5180-2563-3:CNY54.00 |
| 本书在研究演唱技巧的同时与歌剧演唱相结合,在歌剧演唱中分析美声技巧的应用。主要包括美声唱法的诞生与艺术特点、美声歌唱中生理机能的运用、美声歌唱中的发声技巧、美声歌唱中的实用技巧、对意大利语的系统分析以及美声唱法在歌剧艺术中的表演等。 |
| ● |
| 相关链接 |
|
|
|
|
正题名:美声演唱技巧及其在歌剧演唱中的应用与实践研究
索取号:J616.21/1065
 
预约/预借
| 序号 | 登录号 | 条形码 | 馆藏地/架位号 | 状态 | 备注 |
| 1 | 1184962 | 211849623 | 第一样本阅览室/ [索取号:J616.21/1065] | 在馆 | |
| 2 | 1184963 | 211849632 | 第一借阅区/ [索取号:J616.21/1065] | 在馆 | |
| 3 | 1184964 | 211849641 | 第一借阅区/ [索取号:J616.21/1065] | 在馆 | |
| 4 | 1184965 | 211849650 | 第一借阅区/ [索取号:J616.21/1065] | 在馆 |